|
|
|
|
| LEADER |
01311nam a2200229 i 4500 |
| 001 |
10045701 |
| 003 |
GR-PaULI |
| 005 |
20241010135519.0 |
| 008 |
241010s1984 gr ba g 1 h gre d |
| 040 |
|
|
|a GR-PaULI
|b gre
|c GR-PaULI
|e AACR2
|
| 082 |
0 |
4 |
|a 629.132 54
|2 23
|
| 100 |
1 |
|
|a Pirı̂ Reis,
|d περίπου 1465-1554
|9 206279
|e συγγραφέας.
|
| 245 |
1 |
0 |
|a Bahriye :
|b "κατακτητική ναυσιπλοϊα στο Αιγαίο" (1521) /
|c Piri Reis ; εισαγωγή Παύλος Χιδίρογλου ; μετάφραση, σχόλια Μαρία Φαράντου.
|
| 260 |
|
|
|a Αθήνα :
|b Τελέθριον,
|c 1984.
|
| 300 |
|
|
|a 284 σ. ;
|b εικ., χάρτες ;
|c 29 εκ.
|
| 650 |
|
4 |
|a Ναυτικοί χάρτες
|z Μεσόγειος, Περιοχή της.
|9 206280
|
| 650 |
|
4 |
|a Ναυτικοί χάρτες
|z Ελλάδα
|z Αιγαίο πέλαγος.
|9 206281
|
| 650 |
|
4 |
|a Ναυσιπλοΐα
|x Εγχειρίδια κλπ.
|y Πρώιμα έργα μέχρι το 1800.
|9 206282
|
| 700 |
|
|
|a Φαραντούρη, Μαρία
|9 116902
|e μεταφράστρια.
|
| 942 |
|
|
|2 ddc
|c BK
|
| 952 |
|
|
|0 0
|1 0
|2 ddc
|4 0
|6 629_132000000000000_54_PIR
|7 0
|9 384125
|a LISP
|b LISP
|c BSC
|d 2024-10-10
|i 368757
|l 0
|o 629.132 54 PIR
|p 025000313565
|r 2024-10-10 13:56:17
|t 1
|w 2024-10-10
|y BK15
|
| 999 |
|
|
|c 223223
|d 223223
|